| 000 | 00837cam a2200301 4500 | ||
|---|---|---|---|
| 001 | 39005 | ||
| 005 | 20230410101722.0 | ||
| 008 | 760524s1973 quc 000 1 fre | ||
| 010 | _a 74178703 | ||
| 035 | _a(OCoLC)ocm03206736 | ||
| 040 |
_aDLC _cDLC _dBUF _dOCL _dB2Q |
||
| 015 | _aC*** | ||
| 019 | _a997709 | ||
| 035 |
_a(OCoLC)3206736 _z(OCoLC)997709 |
||
| 050 | 1 | 4 |
_a110 PQ 3949 _bC732r 1973 |
| 082 | 0 | 0 | _a843/.9/12 |
| 100 | 1 | _aComhaire-Sylvain, Suzanne. | |
| 245 | 1 | 3 |
_aLe roman de Bouqui / _cSuzanne Comhaire-Sylvain |
| 260 |
_a[Montreal] : _bEditions Lemeac, _c[1973] |
||
| 300 |
_a215 p. _c20 cm. |
||
| 440 | 0 | _aCollection Francophonie vivante | |
| 650 | 0 | _aFolklore, Haitian. | |
| 650 | 6 |
_aContes _zHaiti. |
|
| 650 | 4 | _aCEH | |
| 650 | 4 | _aColección Estudios Haitianos | |
| 942 |
_2lcc _cbk |
||
| 994 |
_aC0 _bDRFGD |
||
| 999 |
_c12715 _d12715 |
||